Joueurs de l'équipe de France séléctionnés en 2023 - Statistiques

Statistiques générales
  • Ce quiz a été pris 144 fois
  • Le résultat moyen est 28 sur 33
Statistiques - réponses
Club Joueurs % Correct
Atlético Madrid Antoine Griezmann
99%
Paris Saint-Germain Kylian Mbappé
99%
AC Milan Olivier Giroud
97%
Paris Saint-Germain Ousmane Dembélé
97%
West Ham United Alphonse Areola
95%
Real Madrid Eduardo Camavinga
95%
AC Milan Mike Maignan
95%
Real Madrid Aurélien Tchouaméni
94%
OGC Nice Khéphren Thuram
94%
Paris Saint-Germain Lucas Hernandez
94%
Inter Milan Marcus Thuram
94%
AC Milan Théo Hernandez
94%
Juventus Adrien Rabiot
93%
Bayern Munich Kingsley Coman
93%
Liverpool Ibrahima Konaté
92%
Olympique de Marseille Jonathan Clauss
91%
Inter Milan Benjamin Pavard
90%
RC Lens Brice Samba
89%
FC Barcelone Jules Koundé
88%
Paris Saint-Germain Randal Kolo Muani
87%
Bayern Munich Dayot Upamecano
86%
Paris Saint-Germain Warren Zaïre-Emery
86%
Arsenal William Saliba
86%
Olympique de Marseille Jordan Veretout
85%
Chelsea Wesley Fofana
84%
Monaco Youssouf Fofana
84%
Chelsea Christopher Nkunku
78%
Chelsea Axel Disasi
68%
OGC Nice Jean-Clair Todibo
68%
Aston Villa Moussa Diaby
66%
Aston Villa Boubacar Kamara
65%
Chelsea Malo Gusto
59%
RB Leipzig Castello Lukeba
39%
Aucun quiz correspondant
Distribution des résultats
% des personnes avec chaque résultat
Percentile par nombre de réponses
Votre historique - résultats
Vous n’avez pas pris ce quiz